On the Linear (In)dependence of Sequences of Derivatives of the Functions x^n\sin x and x^n\cos x
Popis matematických funkcií a úloh.
Uložené v:
| Hlavný autor: | |
|---|---|
| Ďalší autori: | |
| Médium: | Kapitola |
| Jazyk: | English |
| Predmet: | |
| Tagy: |
Žiadne tagy, Buďte prvý, kto otaguje tento záznam!
|
MARC
| LEADER | 00000naa a2200000 4500 | ||
|---|---|---|---|
| 001 | 0307970 | ||
| 005 | 20250403100759.4 | ||
| 041 | 0 | |a eng | |
| 044 | |a US | ||
| 245 | 1 | 0 | |a On the Linear (In)dependence of Sequences of Derivatives of the Functions x^n\sin x and x^n\cos x |c Jozef Fecenko, Enno Diekema |
| 520 | |a Popis matematických funkcií a úloh. | ||
| 610 | 2 | 0 | |a matematika |
| 610 | 2 | 0 | |a matematika výpočtová |
| 610 | 2 | 0 | |a funkcie matematické |
| 610 | 2 | 0 | |a kombinatorika |
| 100 | 1 | |a Fecenko, Jozef | |
| 700 | 1 | |a Diekema, Enno | |